ESPN Top 100 Athletes of the 20th Century - Statistics

General Stats
  • This quiz has been taken 40,636 times
    40,620 since last reset
  • The average score is 22 of 100
Answer Stats
# Sport Athlete % Correct
1 Basketball Michael Jordan
98%
3 Boxing Muhammad Ali
88%
2 Baseball Babe Ruth
78%
5 Hockey Wayne Gretzky
64%
17 Basketball Magic Johnson
63%
96 Track & Field Michael Johnson
58%
60 Baseball Walter Johnson
58%
100 Boxing Jack Johnson
57%
53 Track & Field Rafer Johnson
57%
25 Football Joe Montana
51%
30 Basketball Larry Bird
50%
72 Baseball/Football Bo Jackson
48%
9 Golf Jack Nicklaus
42%
16 Baseball Ted Williams
42%
26 Basketball Kareem Abdul-Jabbar
41%
13 Basketball Wilt Chamberlain
41%
15 Baseball Jackie Robinson
38%
29 Golf Arnold Palmer
37%
12 Track & Field Carl Lewis
37%
24 Boxing Sugar Ray Robinson
37%
76 Football Barry Sanders
36%
74 Baseball/Football Deion Sanders
36%
4 Football Jim Brown
36%
27 Football Jerry Rice
34%
6 Track & Field Jesse Owens
33%
48 Tennis Pete Sampras
32%
37 Baseball Mickey Mantle
31%
77 Baseball Cy Young
30%
14 Baseball Hank Aaron
30%
22 Baseball Joe DiMaggio
30%
34 Baseball Lou Gehrig
30%
18 Basketball Bill Russell
29%
39 Football Walter Payton
29%
75 Football Dan Marino
28%
44 Golf Bobby Jones
26%
8 Baseball Willie Mays
25%
20 Baseball Ty Cobb
24%
31 Hockey Bobby Orr
22%
7 Many Sports Jim Thorpe
22%
11 Boxing Joe Louis
22%
56 Baseball Pete Rose
21%
35 Horse Secretariat
21%
59 Tennis Billie Jean King
20%
21 Hockey Gordie Howe
20%
55 Hockey Mario Lemieux
20%
62 Basketball Jerry West
19%
32 Football Johnny Unitas
19%
88 Football Joe Namath
18%
33 Swimming Mark Spitz
18%
19 Tennis Martina Navratilova
18%
43 Basketball Julius Erving
17%
49 Football O.J. Simpson
17%
81 Tennis Jimmy Connors
16%
36 Basketball Oscar Robertson
16%
54 Diving Greg Louganis
15%
23 Track & Field Jackie Joyner-Kersee
15%
40 Football Lawrence Taylor
15%
51 Boxing Rocky Marciano
15%
90 Auto Racing Richard Petty
14%
42 Baseball Sandy Koufax
14%
82 Hockey Bobby Hull
13%
50 Tennis Chris Evert
13%
92 Auto Racing Mario Andretti
12%
61 Baseball Stan Musial
12%
94 Basketball Bob Cousy
11%
71 Baseball Roberto Clemente
11%
65 Tennis Althea Gibson
10%
67 Baseball Bob Gibson
10%
83 Baseball Honus Wagner
10%
73 Baseball Josh Gibson
10%
38 Golf Ben Hogan
9%
70 Football Dick Butkus
9%
85 Hockey Maurice Richard
9%
10 Many Sports Babe Zaharias
8%
58 Basketball Elgin Baylor
8%
99 Golf Sam Snead
8%
57 Jockey Bill Shoemaker
7%
79 Football Gale Sayers
7%
87 Boxing Henry Armstrong
7%
52 Boxing Jack Dempsey
7%
84 Horse Man o' War
7%
80 Auto Racing A.J. Foyt
6%
69 Speed Skating Bonnie Blair
6%
47 Track & Field Edwin Moses
6%
46 Speed-Skating Eric Heiden
6%
63 Baseball Satchel Paige
6%
86 Football Otto Graham
5%
28 Football Red Grange
5%
89 Baseball Rogers Hornsby
5%
64 Football Sammy Baugh
5%
45 Tennis Bill Tilden
4%
91 Track & Field Bob Beamon
4%
41 Track & Field Wilma Rudolph
4%
68 Track & Field Al Oerter
3%
97 Horse Citation
3%
98 Tennis Don Budge
3%
93 Football Don Hutson
3%
66 Jockey Eddie Arcaro
3%
95 Football George Blanda
3%
78 Track & Field Bob Mathias
2%
No matching quizzes found
Score Distribution
Percent of People with Each Score
Percentile by Number Answered
Your Score History
You have not taken this quiz since the last reset